O rabo do gato (Record no. 192509)

MARC details
000 -LÍDER
campo de controle de tamanho fixo 00348 a2200169 4500
001 - NÚMERO DE CONTROLE
campo de controle 192509
020 ## - ISBN - INTERNATIONAL STANDARD BOOK NUMBER
ISBN - International Standard Book Number 978-85-08-17279-5
040 ## - FONTE DA CATALOGAÇÃO
Instituição que transcreveu o registro Magnum
100 ## - ENTRADA PRINCIPAL--NOME PESSOAL
Nome pessoal França, Mary
240 10 - TÍTULO UNIFORME
Título uniforme O rabo do gato
Idioma da obra por
245 10 - TÍTULO
Título O rabo do gato
300 ## - DESCRIÇÃO FÍSICA
Extensão 16
362 0# - DATAS DE PUBLICAÇÃO E/OU DESIGNAÇÃO SEQUENCIAL
Datas de publicação e/ou designação sequencial 2015
440 #1 - DECLARAÇÃO DE SÉRIE/ENTRADA ADICIONADA--TÍTULO
Título Ática
697 ## - ENTRADA DE ASSUNTO LOCAL--ENTIDADE COLETIVA (RLIN)
Nome corporativo ou nome da jurisdição LITERATURA INFANTIL
942 ## - ELEMENTOS DE ENTRADA ADICIONADOS (KOHA)
Tipo de material Koha Livros
Holdings
Situação do descarte Situação das perdas Situação física Não pode ser emprestado Biblioteca de origem Biblioteca atual Data de aquisição Total de empréstimos Número de chamada completo Código de barras Data de último acesso Data do preço efetivo Tipo de material Koha
        Magnum Magnum 08/06/2024   869.0.59 MAG00070740 08/06/2024 08/06/2024 Livros
        Magnum Magnum 08/06/2024   869.0.59 MAG00070741 08/06/2024 08/06/2024 Livros
        Magnum Magnum 08/06/2024   869.0.59 MAG00070742 08/06/2024 08/06/2024 Livros
        Magnum Magnum 08/06/2024   869.0.59 MAG00070743 08/06/2024 08/06/2024 Livros
        Magnum Magnum 08/06/2024   869.0.59 MAG00070744 08/06/2024 08/06/2024 Livros
        Magnum Magnum 08/06/2024   869.0.59 MAG00070745 08/06/2024 08/06/2024 Livros
        Magnum Magnum 08/06/2024   869.0.59 MAG00075985 08/06/2024 08/06/2024 Livros